000 00459nam a2200157 i 4500
001 49295
003 ES-MaACL
005 20230906161923.0
007 t|
008 030714s1976 sp ||||1| spa d
100 1 _aCortés Cavanillas, Julián.
_940878
245 1 0 _aAlfonso XII y la guerra del 14 /
_cJulián Cortés Cavanillas.
260 _aMadrid :
_bAlce,
_c[1976]
300 _a343 p., 22 lám. :
_bil. ;
_c24 cm.
852 _aES-MaACL
_jA-6684
_bR.95233
999 _c49295
_d49295